000 00279nam a2200097Ia 4500
001 1225395
005 20250827092944.0
008 250824s9999 xx 000 0 und d
245 0 _aSONBAHARI UĞURLARKEN
_cGÜLTEN DAYIOĞLU
260 _bALTIN KİTAPLAR YAYINLARI
999 _c1225395
_d1225395